| 000 | 00417nam a2200157Ia 4500 | ||
|---|---|---|---|
| 008 | 210210b2001 xxu||||| |||| 00| 0 eng d | ||
| 020 | _a81 7108 453 2 | ||
| 082 | _a155.5 ALPD | ||
| 100 | _aALPHONSE (A). | ||
| 245 | _aDeveloping the adolescent personality. | ||
| 260 |
_aMumbai _bBetter yourself books _c2001 |
||
| 300 | _a115 | ||
| 650 | _aAdolescent psychology | ||
| 690 | _aChild Psychology | ||
| 906 | _a058867 | ||
| 999 |
_c106178 _d106178 |
||